000 00448nam a2200145Ia 4500
008 240729s9999 xx 000 0 und d
022 _a2658-1442
245 0 _aCombustion Engines
260 _aPoland
260 _bPolskie Towarzystwo Naukowe Silników Spalinowych/Polish Scientific Society of Combustion Engines
650 _aTechnology
856 _uhttps://doaj.org/toc/cdf95c11c2904115a797961b26f57db5
942 _2ddc
942 _cDOAJEJ
999 _c68839
_d68839
945 _a1
_bMadushi Gamage
_c1
_dMadushi Gamage